1259 1345 1379 1529 1378 1672 1000 1888 1010 1553 1512 1836 1873 1147 1619 1314 1774 1709 1942 1794 1057 1896 1704 1271 1843 1623 1695 1118 1890 1727 1412 1387 1700 1339 1333 1962 1598 1449 1642 1017 1544 1840 1099 1806 1224 1499 1574 1824 1983 1916 1294 1706 1735 1194 1875 1862 1853 1657 1659 1942 1996 1521 1327 1843 1506 1625 1636 1693 1485 1748 1100 1779 1310 1905 1899 1854 1286 1464 1718 1923 1065 1024 1878 1072 1606 1723 1430 1658 1938 1711 1408 1730 1938 1308 1501 1880 1778 1267 1621 BCNSPRNW ULIB Ver.6.0+V

เปลี่ยนเป็นภาษาไทย

Change to English
 แสดงรายละเอียดบรรณานุกรม
  กลับหน้าหลัก

Brief Record : Get Marc (ISO 2709) : E-mail record : QR code < ปิดหน้าต่าง
LEADER : 00000nam 2200000uu 4500
001    13399112909
003     ULIB
008    110916s2553||||th 000 0 tha d
020    9786167346045
090    นว.^bร147ล 2553
100 0  รมย์ธีรา
245 00 เล่ห์ร้ายเกมรัก/^cรมย์ธีรา
250    พิมพ์ครั้งที่ 1
260    กรุงเทพฯ :^bAmethyst,^c2553
300    317 หน้า
945    ^p225^l0^i17059
995    กัณชพร
999     ^aใช้งานได้ทุกระบบ
รายการนี้ยังไม่มีแท็ก
คุณยังไม่ได้ล็อกอิน คุณสามารถมีกิจกรรมร่วมกับเว็บไซต์ได้ แต่ต้องล็อกอินก่อน ::
  ล็อกอิน

รายการสื่อสารสนเทศ

ลำดับที่ ประเภท เลขเรียก/บาร์โค้ด สถานที่ สถานะ
1. นวนิยาย
นวนิยาย
นว. ร147ล 2553  
  Barcode: 17059
ห้องสมุดวิทยาเขตสวรรค์ประชารักษ์
►นวนิยาย
บนชั้น
  ขอยืม

BibComment


ยังไม่เคยถูกคอมเมนท์

คอมเมนท์ทรัพยากรรายการนี้
  คอมเมนท์: เล่ห์ร้ายเกมรัก ร..


 Copyright 2026. Bcnsprnw @Library